Score 0/10 Timer 01:00
0 Plays Today
Clue 4-Letter Word % Correct
Very strong likingLOVE
97.3%
Traditional reddish color of this flowerROSE
92.6%
The sound a snake makesHISS
91.3%
Touching lips to anotherKISS
91.3%
Be deprived ofLOSE
82.4%
Tube for conveying waterHOSE
80.5%
PigsHOGS
79.1%
Holds closeHUGS
76.5%
Dan Blocker roleHOSS
66.9%
Alternative name for dogfishHUSS
62.1%

Today's Daily Dose

Missing Word
'T' Pairs

Word Ladder
Game Pieces

Get the Picture
Baseball Movies

Remove Ads.
Support Sporcle.
Get the best of Sporcle when you Go Orange. This ad-free experience offers more features, more stats, and more fun while also helping to support Sporcle. Thank you for becoming a member.

You're not logged in!

Compare scores with friends on all Sporcle quizzes.
OR
Log In

Show Comments

Extras

Top Quizzes Today


Score Distribution

Your Account Isn't Verified!

In order to create a playlist on Sporcle, you need to verify the email address you used during registration. Go to your Sporcle Settings to finish the process.

Report this User

Report this user for behavior that violates our Community Guidelines.

Details: